000 00453nam a2200157Ia 4500
999 _c18773
_d18773
003 OSt
005 20200625143723.0
008 190216s9999||||xx |||||||||||||| ||und||
040 _coclc
082 _a954
_bMOH/C
100 _aMohamed, P A Sayed
_93244
245 0 _aCharithrathile Silakusumangal /
_cP A Sayed Mohamed
260 _bCurrent Books,
_c1967.
_aThrissur:
300 _a78p
942 _cBK
_2ddc
_h954
_iMOH/C
_k954
_mMOH/C